| 000 | 00447nam a2200169Ia 4500 | ||
|---|---|---|---|
| 003 | GCL | ||
| 008 | 140319s9999 xx 000 0 eng d | ||
| 040 |
_aGCL / _cGCL |
||
| 082 | 0 | 4 |
_a574.92 _bW M |
| 100 | 1 | _aWEBBER, HERBERTH | |
| 245 | 1 | 0 |
_aMARINE BIOLOGY / _cWEBBER, HERBERTH |
| 700 | 1 | _aTHURMAN, HAROLD V. | |
| 260 |
_a[S.N] : _bHARPER COLLINS COLLEGE PUBLISBERS ، _c1991 |
||
| 300 | _a424 P | ||
| 650 | 0 | 4 | _aMARINE BIOLOGY |
| 942 |
_2ddc _cBK |
||
| 999 |
_c18127 _d18127 |
||